000 00431nam a2200205Ia 4500
001 000865
003 YMCAF
005 20230512160037.0
008 100717s1971 ||||||||||||||||| ||und|d
024 _a865
035 _a847
040 _aYMCAF
_beng
_cIN-KoLT
041 _aeng
082 _aB.
_b-WAL
100 _aWALLACE F.J.
245 0 _aB. ENGG. THARNDYNAMICS
260 _bPITUA
_c1971
300 _a886
942 _2ddc
_cBK
999 _c680
_d680